[Event "XXVIII Memorial Mistrza Blaszczaka Grupa D - JUNIORZY"]
[Site "Wroclaw"]
[Date "1899-12-30"]
[Round "4.7"]
[White "Koza, Stanislaw"]
[Black "Korpalski, Maciej"]
[Result "1-0"]
[WhiteTitle "II"]
[BlackTitle "II"]
[WhiteElo "1548"]
[BlackElo "1616"]

1. e4 c5 2. f4 e6 3. d3 d6 4. Nf3 Nc6 5. Nc3 g6 6. g4 Bg7 7. Be3 Nge7 8. Qe2 O-O
9. g5 Rb8 10. h4 Qa5 11. Bd2 Qc7 12. h5 Bh8 13. Qh2 f5 14. gxf6 Bxf6 15. Nb5 Qd7
16. hxg6 Nxg6 17. Nxd6 Bxb2 18. Rb1 Bf6 19. e5 Bd8 20. Bh3 Nd4 21. Nxd4 cxd4 22.
Bxe6+ 1-0

[Event "XXVIII Memorial Mistrza Blaszczaka Grupa D - JUNIORZY"]
[Site "Wroclaw"]
[Date "1899-12-30"]
[Round "5.1"]
[White "Cukrowski, Filip"]
[Black "Kanicki, Krzysztof"]
[Result "1/2-1/2"]
[WhiteTitle "k"]
[BlackTitle "I"]
[WhiteElo "2178"]
[BlackElo "1937"]

1. e4 c5 2. Nf3 Nc6 3. d4 cxd4 4. Nxd4 Nf6 5. Nc3 d6 6. Bg5 e6 7. Qd2 Be7 8. O-O-O
O-O 9. f4 h6 10. Bxf6 Bxf6 11. Ndb5 e5 12. Nd5 exf4 13. Nxf6+ Qxf6 14. Nc7 Rb8
15. Qxd6 Qxd6 16. Rxd6 Bg4 17. h3 Bh5 18. Nd5 Rfd8 19. Rxd8+ Rxd8 20. Bd3 f3 21.
gxf3 Bxf3 22. Rg1 Ne5 23. Kd2 f5 24. Ke3 fxe4 25. Nf6+ Kf7 26. Nxe4 Bxe4 27. Kxe4
Nxd3 28. cxd3 Re8+ 29. Kf3 Rd8 30. Ke3 Re8+ 31. Kf3 Rd8 1/2-1/2

[Event "XXVIII Memorial Mistrza Blaszczaka Grupa D - JUNIORZY"]
[Site "Wroclaw"]
[Date "1899-12-30"]
[Round "5.2"]
[White "Gajdamowicz, Patrick"]
[Black "Piotrowski, Przemyslaw"]
[Result "1/2-1/2"]
[WhiteTitle "I"]
[BlackTitle "I++"]
[WhiteElo "1911"]
[BlackElo "2030"]

1. Nf3 Nf6 2. d4 g6 3. g3 Bg7 4. Bg2 O-O 5. O-O d6 6. c4 c5 7. Nc3 Nc6 8. dxc5
dxc5 9. Be3 Qa5 10. Qb3 Ng4 11. Bd2 Nd4 12. Nxd4 cxd4 13. Ne4 Qc7 14. Rac1 e5
15. h3 Nf6 16. Nxf6+ Bxf6 17. Be4 Be6 18. Qf3 Bg7 19. b3 Rab8 20. e3 dxe3 21.
Bxe3 b6 22. c5 b5 23. Rfd1 Rfd8 24. Rxd8+ Rxd8 25. Rd1 Rxd1+ 26. Qxd1 Bf8 27.
c6 f5 28. Bd3 Kf7 1/2-1/2

[Event "XXVIII Memorial Mistrza Blaszczaka Grupa D - JUNIORZY"]
[Site "Wroclaw"]
[Date "1899-12-30"]
[Round "5.3"]
[White "Dzikowski, Michal"]
[Black "Nowak, Kamil"]
[Result "1-0"]
[WhiteTitle "I"]
[BlackTitle "I"]
[WhiteElo "1892"]
[BlackElo "1769"]

1. b3 e5 2. Bb2 Nc6 3. e3 d5 4. Bb5 Bd6 5. Nf3 f6 6. d4 e4 7. Nfd2 a6 8. Bxc6+
bxc6 9. c4 f5 10. g3 Nf6 11. Nc3 O-O 12. Ne2 Bd7 13. h4 g6 14. Qc1 Kg7 15. Ba3
Bxa3 16. Qxa3 h6 17. Rc1 a5 18. Qc5 a4 19. Nf4 axb3 20. axb3 g5 21. hxg5 hxg5
22. Nh5+ Nxh5 23. Rxh5 Kg6 24. Rh1 Rh8 25. Rxh8 Qxh8 26. cxd5 cxd5 27. Qxc7 Qh1+
28. Nf1 Rc8 29. Qd6+ Kh5 30. Rxc8 Bxc8 31. Qf8 Kg4 32. Qxc8 Kf3 33. Qc2 Kg2 34.
Qe2 f4 35. gxf4 gxf4 36. Qg4# 1-0

[Event "XXVIII Memorial Mistrza Blaszczaka Grupa D - JUNIORZY"]
[Site "Wroclaw"]
[Date "1899-12-30"]
[Round "5.4"]
[White "Stankiewicz, Pawel"]
[Black "Thamm, Merlin Jannes"]
[Result "1-0"]
[WhiteTitle "k"]
[BlackTitle "II"]
[WhiteElo "2070"]
[BlackElo "1708"]

1. b3 e5 2. Bb2 d6 3. e3 Nf6 4. d4 Nbd7 5. Nf3 Qe7 6. Be2 g6 7. c4 Bg7 8. Nc3 O-O
9. Qc2 c6 10. O-O e4 11. Nd2 Re8 12. b4 Nf8 13. b5 Bf5 14. Ba3 h5 15. Rab1 h4
16. Qa4 h3 17. g3 c5 18. dxc5 dxc5 19. Nd5 Nxd5 20. cxd5 b6 21. Qb3 Nd7 22. Nc4
Ne5 23. Nxe5 Bxe5 24. Rfd1 Qd7 25. Bb2 Bg4 26. Qc2 Bxe2 27. Qxe2 Rad8 28. f4 Bxb2
29. Rxb2 Qf5 30. Rbd2 Rd6 31. Kf2 Red8 32. g4 Qc8 33. Kg3 c4 34. Rd4 Qc5 35. Qxc4
Qxc4 36. Rxc4 Rxd5 37. Rcd4 Rxd4 38. Rxd4 Rxd4 39. exd4 Kf8 40. Kxh3 Ke7 41. Kg3
Kd6 42. Kf2 f5 43. gxf5 gxf5 44. h4 1-0

[Event "XXVIII Memorial Mistrza Blaszczaka Grupa D - JUNIORZY"]
[Site "Wroclaw"]
[Date "1899-12-30"]
[Round "5.6"]
[White "Korpalski, Maciej"]
[Black "Kopica, Paulina"]
[Result "0-1"]
[WhiteTitle "II"]
[BlackTitle "I"]
[WhiteElo "1616"]
[BlackElo "1711"]

1. e4 e6 2. d4 d5 3. Nc3 Bb4 4. e5 c5 5. a3 Bxc3+ 6. bxc3 Ne7 7. Qg4 O-O 8. Nf3
f5 9. exf6 Rxf6 10. Ne5 Nbc6 11. Bg5 Rf8 12. Bd3 Nxe5 13. dxe5 Rf7 14. h4 Qa5
15. Bd2 Bd7 16. Qh5 g6 17. Qg5 c4 18. Be2 Ba4 19. Rc1 Qc5 20. Be3 Qxa3 21. h5
Raf8 22. hxg6 Nxg6 23. Kd2 Qe7 24. Qxe7 Nxe7 25. Bxa7 Nc6 26. Bc5 Re8 27. Bh5
Nxe5 28. Bxf7+ Nxf7 29. f4 Rc8 30. Bd4 Nd6 31. Rh6 Ne4+ 32. Ke3 Re8 33. Rch1 Ng3
34. Rxh7 Nxh1 35. Rxb7 Bxc2 36. Rg7+ Kf8 37. Rh7 Be4 38. Be5 Rd8 39. Rh5 Ng3 40.
Rh8+ Ke7 41. Bf6+ Kxf6 42. Rxd8 Nf5+ 43. Kf2 Ke7 44. Rb8 Nd6 45. g3 Bf5 46. Ke3
Ne4 47. Kd4 Nxg3 48. Rb2 Bd3 49. Ke3 Nf5+ 50. Kf3 Kf6 51. Rb8 Nd6 52. Ke3 Ne4
53. Kd4 Ng3 54. Ke3 Ne2 55. Kd2 Nxf4 56. Rf8+ Ke5 57. Ke3 Ne2 58. Kd2 Ke4 59.
Re8 e5 0-1

[Event "XXVIII Memorial Mistrza Blaszczaka Grupa D - JUNIORZY"]
[Site "Wroclaw"]
[Date "1899-12-30"]
[Round "5.7"]
[White "Domagalski, Fabian"]
[Black "Marko, Piotr"]
[Result "0-1"]
[WhiteTitle "II"]
[BlackTitle "II"]
[WhiteElo "1266"]
[BlackElo "1574"]

1. c4 Nf6 2. Nc3 g6 3. Nf3 Bg7 4. d4 d5 5. Bf4 O-O 6. e3 c5 7. dxc5 Qa5 8. Qd2
dxc4 9. Bxc4 Rd8 10. Bd3 Nc6 11. Qc2 Nb4 0-1

[Event "XXVIII Memorial Mistrza Blaszczaka Grupa D - JUNIORZY"]
[Site "Wroclaw"]
[Date "1899-12-30"]
[Round "6.1"]
[White "Dzikowski, Michal"]
[Black "Cukrowski, Filip"]
[Result "1/2-1/2"]
[WhiteTitle "I"]
[BlackTitle "k"]
[WhiteElo "1892"]
[BlackElo "2178"]

1. d4 Nf6 2. Bg5 c5 3. Bxf6 gxf6 4. dxc5 e6 5. e3 Bxc5 6. c3 b6 7. Nd2 Bb7 8. Nb3
Be7 9. Nf3 Nc6 10. g3 Qc7 11. Bg2 Ba6 12. Nfd4 d5 13. Qh5 O-O 14. Nxc6 Qxc6 15.
Nd4 Qd6 16. Bf1 Bxf1 17. Kxf1 Kh8 18. Kg2 Qe5 19. Qxe5 fxe5 20. Nf3 Bf6 21. Rhd1
Rfc8 22. Ne1 Rc7 23. Nc2 Rac8 24. Rd2 Kg7 25. Rad1 b5 26. Kf1 a5 27. a3 Kf8 28.
Ke2 Ke7 29. Kf1 Kf8 30. Ke2 Be7 31. Ra1 Rc4 32. Ne1 R8c7 33. Rd3 Bf6 34. Nc2 Ke8
35. Rd2 Kd8 36. Rad1 Kc8 37. Ra1 Kb7 38. Rd3 Kb6 39. Rd2 Be7 40. Ne1 Kb7 41. Rd3
Bf8 42. Rd2 Bg7 43. Nc2 Bh6 44. Ne1 Bg7 45. Nc2 Bf8 46. Ne1 b4 47. cxb4 axb4 48.
Nd3 e4 49. Nxb4 Bxb4 50. axb4 Rxb4 51. Kd1 Rc5 52. Rc1 Kb6 53. Rxc5 Kxc5 54. Kc2
e5 55. b3 d4 56. Kb2 d3 57. Kc3 Rb6 58. Ra2 Kb5 59. Kd2 Ra6 60. Rxa6 Kxa6 61.
g4 Kb5 62. Kc3 f6 63. h3 h6 64. h4 Kc5 65. b4+ Kc6 66. Kb2 Kb6 67. Kc3 Ka6 68.
Kb2 Kb5 69. Kc3 1/2-1/2

[Event "XXVIII Memorial Mistrza Blaszczaka Grupa D - JUNIORZY"]
[Site "Wroclaw"]
[Date "1899-12-30"]
[Round "6.2"]
[White "Piotrowski, Przemyslaw"]
[Black "Kulas, Szymon"]
[Result "1/2-1/2"]
[WhiteTitle "I++"]
[BlackTitle "I++"]
[WhiteElo "2030"]
[BlackElo "2064"]

1. Nf3 Nf6 2. g3 g6 3. Bg2 Bg7 4. O-O O-O 5. c4 c6 6. d4 d5 7. cxd5 cxd5 8. Nc3
Ne4 9. Nxe4 dxe4 10. Ne5 Qd5 11. Qa4 Nd7 12. Qc4 e6 13. Qxd5 exd5 14. Nxd7 Bxd7
15. e3 Rac8 16. Bd2 Rc7 17. Rac1 Rfc8 18. Rxc7 Rxc7 19. Rc1 Rxc1+ 20. Bxc1 Bf8
21. Bd2 Bb5 22. Bf1 Bd7 23. Bg2 Bb5 24. Bf1 Bxf1 25. Kxf1 f5 26. Ke2 Kf7 27. Kd1
Ke6 28. Kc2 Kd7 29. Kb3 Kc6 30. a4 b6 31. Be1 1/2-1/2

[Event "XXVIII Memorial Mistrza Blaszczaka Grupa D - JUNIORZY"]
[Site "Wroclaw"]
[Date "1899-12-30"]
[Round "6.3"]
[White "Kanicki, Krzysztof"]
[Black "Gajdamowicz, Patrick"]
[Result "1/2-1/2"]
[WhiteTitle "I"]
[BlackTitle "I"]
[WhiteElo "1937"]
[BlackElo "1911"]

1. e4 e6 2. d4 d5 3. Nd2 c5 4. Ngf3 a6 5. dxc5 Bxc5 6. Bd3 Nf6 7. O-O O-O 8. e5
Nfd7 9. Nb3 Be7 10. c3 Nc6 11. Qe2 f6 12. exf6 Nxf6 13. Nbd4 Qd6 14. g3 Ng4 15.
Bf4 Rxf4 16. gxf4 Qxf4 17. Nxc6 bxc6 18. h3 e5 19. hxg4 e4 20. Nh2 Bd6 21. f3
exd3 22. Qe8+ Bf8 23. Qxc6 Rb8 24. Qxd5+ Kh8 25. b3 Qg3+ 26. Kh1 Bd6 27. Rf2 Bb7
28. Qxd3 Qxf2 29. Qxd6 Bxf3+ 30. Nxf3 Qxf3+ 31. Kh2 Re8 32. Qg3 Qe2+ 33. Kg1 Re4
34. Qb8+ Re8 35. Qg3 Re4 1/2-1/2

[Event "XXVIII Memorial Mistrza Blaszczaka Grupa D - JUNIORZY"]
[Site "Wroclaw"]
[Date "1899-12-30"]
[Round "6.4"]
[White "Koza, Stanislaw"]
[Black "Stankiewicz, Pawel"]
[Result "0-1"]
[WhiteTitle "II"]
[BlackTitle "k"]
[WhiteElo "1548"]
[BlackElo "2070"]

1. e4 b6 2. d4 Bb7 3. d5 e6 4. c4 exd5 5. exd5 Nf6 6. Bd3 c6 7. dxc6 dxc6 8. Nf3
Bb4+ 9. Nc3 O-O 10. O-O Qc7 11. Ne4 Nbd7 12. a3 Be7 13. Re1 c5 14. Qc2 h6 15.
Bd2 Ng4 16. h3 Nge5 17. Nxe5 Nxe5 18. Bf1 Rfe8 19. Bc3 Ng6 20. Rad1 Qc6 21. b3
Bf8 22. Ng3 Nh4 23. Rxe8 Rxe8 24. Rd5 b5 25. Qd1 bxc4 26. bxc4 Qg6 27. Rd7 Bc6
28. Rxa7 Bd6 29. Bd3 Qg5 30. Bd2 Qf6 31. Qg4 Bxg2 32. Ra5 Bb7 33. Ra7 Nf3+ 0-1

[Event "XXVIII Memorial Mistrza Blaszczaka Grupa D - JUNIORZY"]
[Site "Wroclaw"]
[Date "1899-12-30"]
[Round "6.5"]
[White "Nowak, Kamil"]
[Black "Kopica, Paulina"]
[Result "0-1"]
[WhiteTitle "I"]
[BlackTitle "I"]
[WhiteElo "1769"]
[BlackElo "1711"]

1. e4 c5 2. Nf3 d6 3. d4 cxd4 4. Nxd4 Nf6 5. Nc3 g6 6. Be3 Bg7 7. f3 O-O 8. Qd2
Nc6 9. O-O-O Bd7 10. g4 Rc8 11. h4 h5 12. gxh5 Nxh5 13. Rg1 Ne5 14. f4 Ng4 15.
f5 Nxe3 16. Qxe3 Kh7 17. Kb1 Bh6 18. Qf3 a6 19. e5 dxe5 20. Ne6 fxe6 21. fxg6+
Kg7 22. Qxh5 Rf5 23. Qg4 Qc7 24. Bd3 Rf4 25. Qh3 Rb4 26. a3 Rxb2+ 27. Kxb2 Qxc3+
28. Ka2 e4 29. Qh2 exd3 30. Rxd3 Qxc2+ 31. Qxc2 Rxc2+ 32. Kb3 Rc7 33. h5 e5 34.
Rf1 Be6+ 35. Kb2 e4 36. Rd8 e3 37. Rff8 e2 0-1

[Event "XXVIII Memorial Mistrza Blaszczaka Grupa D - JUNIORZY"]
[Site "Wroclaw"]
[Date "1899-12-30"]
[Round "6.6"]
[White "Thamm, Merlin Jannes"]
[Black "Marko, Piotr"]
[Result "0-1"]
[WhiteTitle "II"]
[BlackTitle "II"]
[WhiteElo "1708"]
[BlackElo "1574"]

1. e4 e5 2. Nf3 Nc6 3. Bc4 Nf6 4. d3 Be7 5. c3 d6 6. O-O O-O 7. Re1 Na5 8. Bb5
a6 9. Ba4 b5 10. Bc2 c5 11. Nbd2 Re8 12. Nf1 Bb7 13. Ng3 Bf8 14. Bg5 h6 15. Bd2
Qc7 16. Nf5 d5 17. N3h4 dxe4 18. dxe4 Nc4 19. b3 Nxd2 20. Qxd2 c4 21. b4 a5 22.
a3 axb4 23. cxb4 Bc6 24. Qe3 Ra7 25. Qf3 Kh7 26. Rab1 Qb7 27. Re3 Re6 28. Rbe1
g5 29. Nxh6 Bxh6 30. Nf5 Kg6 31. Nxh6 Kxh6 32. Qf5 Kg7 33. Qxg5+ Kf8 34. h4 Nh7
35. Qf5 Nf6 36. h5 Ke7 37. g4 Ra8 38. h6 Rg8 39. g5 Qc8 40. Kh1 Nh5 41. h7 Rh8
42. Rg1 Nf4 43. Bd1 Bd7 44. Bg4 Qg8 45. Rh3 Qg7 46. Rh4 Ng6 47. Qf3 Nxh4 48. Qd1
Rxh7 49. Bxe6 Bxe6 50. g6 Nxg6+ 51. Kg2 Nf4+ 52. Kf1 Bh3+ 0-1

[Event "XXVIII Memorial Mistrza Blaszczaka Grupa D - JUNIORZY"]
[Site "Wroclaw"]
[Date "1899-12-30"]
[Round "6.8"]
[White "Lascar, Radoslawa"]
[Black "Domagalski, Fabian"]
[Result "1-0"]
[WhiteTitle "I"]
[BlackTitle "II"]
[WhiteElo "1722"]
[BlackElo "1266"]

1. e4 e6 2. d4 d5 3. exd5 exd5 4. c4 dxc4 5. Bxc4 Nf6 6. Nc3 c6 7. Nf3 Be7 8. O-O
O-O 9. Re1 h6 10. Ne5 Nd5 11. Qb3 Nd7 12. Nxd5 cxd5 13. Bxd5 Nxe5 14. dxe5 Qa5
15. Bf4 Bb4 16. Rec1 g5 17. Be3 Bg4 18. Qd3 Rad8 19. Qg6+ Kh8 20. Qxh6+ Kg8 21.
Qxg5+ Kh8 22. Qh4+ 1-0

[Event "XXVIII Memorial Mistrza Blaszczaka Grupa D - JUNIORZY"]
[Site "Wroclaw"]
[Date "1899-12-30"]
[Round "7.1"]
[White "Cukrowski, Filip"]
[Black "Stankiewicz, Pawel"]
[Result "1/2-1/2"]
[WhiteTitle "k"]
[BlackTitle "k"]
[WhiteElo "2178"]
[BlackElo "2070"]

1. d4 e6 2. e4 d5 3. Nc3 Bb4 4. e5 c5 5. a3 Bxc3+ 6. bxc3 Qa5 7. Bd2 Qa4 8. Nf3
b6 9. Bd3 c4 10. Be2 Nc6 11. O-O Bd7 12. Ng5 h6 13. Nh3 O-O-O 14. f4 Nge7 15.
Be1 Rdf8 16. Qd2 Rhg8 17. Bg3 Kb7 18. Nf2 Be8 19. Nd1 f6 20. exf6 gxf6 21. Nb2
Qa5 22. Bf3 Nf5 23. Be1 Bg6 24. Kh1 Nd6 25. Qe3 Nd8 26. Qe2 Qb5 27. Nd1 Qc6 28.
g4 Be4 29. Bxe4 Nxe4 30. f5 exf5 31. Rxf5 Rg5 32. Ne3 Ne6 33. Rf1 Rfg8 34. Bh4
R5g6 35. Qe1 Nc7 36. a4 Qe6 37. Rf4 Re8 38. Nf5 Reg8 39. Ne3 Re8 40. Nf5 Reg8
41. Ne3 1/2-1/2

[Event "XXVIII Memorial Mistrza Blaszczaka Grupa D - JUNIORZY"]
[Site "Wroclaw"]
[Date "1899-12-30"]
[Round "7.2"]
[White "Kopica, Paulina"]
[Black "Piotrowski, Przemyslaw"]
[Result "1/2-1/2"]
[WhiteTitle "I"]
[BlackTitle "I++"]
[WhiteElo "1711"]
[BlackElo "2030"]

1. e4 c5 2. Nf3 d6 3. c3 Nf6 4. h3 Nc6 5. Bd3 d5 6. e5 Nd7 7. Qe2 Qc7 8. e6 fxe6
9. Qxe6 Nf6 10. Qe2 e5 11. Bc2 Bd6 12. O-O O-O 13. d3 Bf5 14. Nh4 Be6 15. f4 Rae8
16. fxe5 Nxe5 17. Bf4 Bc8 18. Qd1 g6 19. Nd2 Nh5 20. Bxe5 Bxe5 21. Rxf8+ Rxf8
22. Nhf3 Bf4 23. Nf1 Ng3 24. Nxg3 Be3+ 25. Kh1 Qxg3 26. Bb3 Bxh3 27. Bxd5+ Kg7
28. Qe2 Rf5 29. gxh3 Qxh3+ 30. Qh2 Qxh2+ 31. Kxh2 Rxd5 32. Re1 Rxd3 33. Kg3 g5
34. Kg4 Bf2 35. Re7+ Kf6 36. Rxh7 Rd5 37. Rxb7 c4 38. Rc7 Bc5 39. Rc6+ Ke7 40.
Rg6 Be3 41. Nxg5 Kd7 42. Nf3 Rb5 43. Rg7+ Kd6 44. Rg6+ Kd5 45. Ra6 Rxb2 46. Ra5+
Ke4 47. Ne5 Bb6 48. Nxc4 Bxa5 49. Nxb2 Bxc3 50. Nc4 Kd3 51. Nd6 Bb4 52. Nb5 a6
53. Nc7 a5 54. a4 Kc4 55. Ne6 Be7 56. Kf3 Bf6 57. Ke4 Kb4 58. Nd4 Bxd4 59. Kxd4
1/2-1/2

[Event "XXVIII Memorial Mistrza Blaszczaka Grupa D - JUNIORZY"]
[Site "Wroclaw"]
[Date "1899-12-30"]
[Round "7.3"]
[White "Kanicki, Krzysztof"]
[Black "Dzikowski, Michal"]
[Result "1/2-1/2"]
[WhiteTitle "I"]
[BlackTitle "I"]
[WhiteElo "1937"]
[BlackElo "1892"]

1. e4 c6 2. d4 d5 3. e5 Bf5 4. Nf3 e6 5. Be2 Nd7 6. O-O a6 7. Nbd2 Rc8 8. Nb3 c5
9. dxc5 Nxc5 10. Nfd4 Nxb3 11. axb3 Bg6 12. f4 Bc5 13. c3 Ne7 14. Be3 Bxd4 15.
Bxd4 Be4 16. Bf3 Bxf3 17. Qxf3 h5 18. g3 g6 19. Kg2 Qd7 20. Qd3 Nf5 21. h3 Nxd4
22. Qxd4 Qb5 23. Qa4 Qxa4 24. Rxa4 Rc6 25. Rb4 b5 26. Ra1 Kd7 27. Kf3 Rhc8 28.
Rd4 Rb6 29. Ke3 Rcc6 30. Ra3 Ke7 31. b4 Rc4 32. Rxc4 dxc4 33. Ra1 Rc6 34. g4 hxg4
35. hxg4 Rb6 36. Kd4 Rc6 37. Rh1 Rc8 38. Ra1 Rc6 39. Ke4 Rb6 40. Rd1 Rc6 41. Rd2
Rb6 42. f5 gxf5+ 43. gxf5 exf5+ 44. Kxf5 f6 45. Rh2 fxe5 46. Kxe5 Kd7 47. Rh7+
Kc6 48. Ra7 Rb8 49. Rxa6+ Kb7 50. Rd6 Rc8 51. Kd4 Rc7 52. Ke3 Re7+ 53. Kd2 Re5
54. Kc2 Re1 55. Rd2 Rf1 56. b3 cxb3+ 57. Kxb3 Rf3 58. Rd5 Kc6 59. Rc5+ Kb6 60.
Re5 Rf2 61. Re6+ Kb7 62. Re3 Rg2 63. Re1 Rf2 64. Rc1 Rf3 65. Rc2 Rh3 66. Re2 Rd3
67. Kc2 Rd6 68. Rd2 Re6 69. Rd5 Kc6 70. Rc5+ Kb6 71. Kd3 Re1 72. Rf5 Rd1+ 73.
Ke4 Re1+ 74. Kd5 Rd1+ 75. Ke4 Re1+ 76. Kd3 Rd1+ 77. Ke2 Rd6 78. Re5 1/2-1/2

[Event "XXVIII Memorial Mistrza Blaszczaka Grupa D - JUNIORZY"]
[Site "Wroclaw"]
[Date "1899-12-30"]
[Round "7.4"]
[White "Kulas, Szymon"]
[Black "Gajdamowicz, Patrick"]
[Result "1-0"]
[WhiteTitle "I++"]
[BlackTitle "I"]
[WhiteElo "2064"]
[BlackElo "1911"]

1. Nf3 Nf6 2. d4 g6 3. e3 Bg7 4. c4 c5 5. Nc3 O-O 6. Be2 cxd4 7. exd4 d5 8. O-O
Nc6 9. Bg5 dxc4 10. Bxc4 Bg4 11. d5 Ne5 12. Be2 Nxf3+ 13. Bxf3 Bxf3 14. Qxf3 Qb6
15. Qe2 Rfd8 16. Rfd1 Rd7 17. Rd2 Rad8 18. Rad1 Qa5 19. Qf3 Qa6 20. a3 h6 21.
Be3 b6 22. Na2 Qc4 23. Nb4 Qe4 24. Qxe4 Nxe4 25. Rc2 Kh7 26. f3 Nc5 27. Bxc5 bxc5
28. Rxc5 Bxb2 29. Nc6 Bxa3 30. Ra5 Rc8 31. Ne5 Bb4 32. Rb5 Bd6 33. Nxd7 Rc7 34.
Nb8 1-0

[Event "XXVIII Memorial Mistrza Blaszczaka Grupa D - JUNIORZY"]
[Site "Wroclaw"]
[Date "1899-12-30"]
[Round "7.5"]
[White "Marko, Piotr"]
[Black "Nowak, Kamil"]
[Result "0-1"]
[WhiteTitle "II"]
[BlackTitle "I"]
[WhiteElo "1574"]
[BlackElo "1769"]

1. e4 c5 2. Nf3 d6 3. d4 cxd4 4. Nxd4 Nf6 5. Nc3 a6 6. Bc4 e6 7. Bb3 b5 8. O-O
Nbd7 9. Be3 Bb7 10. f3 Nc5 11. Qd2 Be7 12. Rfd1 O-O 13. Kh1 Rc8 14. Rac1 Qc7 15.
a4 bxa4 16. Nxa4 Rfd8 17. Qe2 d5 18. exd5 Nxd5 19. Nxc5 Bxc5 20. Bxd5 exd5 21.
Qd2 Bd6 22. Nf5 Re8 23. Nxd6 Qxd6 24. b3 Qf6 25. Bd4 Qf5 26. Bb2 Re6 27. Qd4 f6
28. Qd2 Rce8 29. Bd4 Re2 30. Qc3 Qe6 31. h3 Bc8 32. Qd3 h5 33. Bc3 Bb7 34. Re1
Kf7 35. Rxe2 Qxe2 36. Qxe2 Rxe2 37. Kg1 Bc6 38. Bd4 Bb5 39. h4 Kg6 40. Kh2 Kf5
41. Kg3 g5 42. hxg5 fxg5 43. c3 h4+ 44. Kh3 Kf4 45. Kh2 g4 46. fxg4 Kxg4 47. b4
h3 48. Rg1 Bd3 49. Bc5 Be4 50. Kh1 Ra2 51. Bb6 Kg3 52. Bc7+ Kg4 53. Bb6 Rd2 54.
Ra1 Rd3 55. Kg1 hxg2 56. Bd4 Rh3 57. Kf2 Rh1 58. Rg1 Rh2 59. Ke1 Kf3 60. Kd2 Kg4
61. Ra1 g1=Q+ 0-1

[Event "XXVIII Memorial Mistrza Blaszczaka Grupa D - JUNIORZY"]
[Site "Wroclaw"]
[Date "1899-12-30"]
[Round "7.6"]
[White "Thamm, Merlin Jannes"]
[Black "Koza, Stanislaw"]
[Result "1/2-1/2"]
[WhiteTitle "II"]
[BlackTitle "II"]
[WhiteElo "1708"]
[BlackElo "1548"]

1. e4 e5 2. Nf3 Nc6 3. Bc4 Bc5 4. c3 d6 5. d3 Be6 6. Nbd2 Nge7 7. O-O h6 8. a4
Bxc4 9. Nxc4 a5 10. Be3 Ba7 11. d4 exd4 12. Nxd4 O-O 13. Qc2 Ne5 14. Nd2 N7g6
15. Nf5 Bxe3 16. Nxe3 Qg5 17. g3 Qd8 18. f4 Nd7 19. Rae1 Nb6 20. Nec4 Nd7 21.
Nb3 b6 22. Re2 Qc8 23. Nd4 Qb7 24. Nd2 Nc5 25. N2f3 Rfe8 26. Rfe1 Rad8 27. b3
Kh8 28. Kf2 c6 29. e5 dxe5 30. Nxe5 Nxe5 31. Rxe5 Qd7 32. Rxe8+ Rxe8 33. Rxe8+
Qxe8 34. c4 Kg8 1/2-1/2

[Event "XXVIII Memorial Mistrza Blaszczaka Grupa D - JUNIORZY"]
[Site "Wroclaw"]
[Date "1899-12-30"]
[Round "7.8"]
[White "Korpalski, Maciej"]
[Black "Lascar, Radoslawa"]
[Result "0-1"]
[WhiteTitle "II"]
[BlackTitle "I"]
[WhiteElo "1616"]
[BlackElo "1722"]

1. e4 c5 2. Nf3 Nc6 3. d4 cxd4 4. Nxd4 Nf6 5. Nc3 e5 6. Ndb5 d6 7. Nd5 Nxd5 8.
exd5 Nb8 9. c4 Be7 10. Bd3 O-O 11. O-O a6 12. Nc3 f5 13. f3 Bg5 14. Kh1 Nd7 15.
b4 Qf6 16. Bb2 Qh6 17. Na4 Bf4 18. h3 Nf6 19. Qc2 Nh5 20. Rfe1 Ng3+ 21. Kg1 Be3+
22. Kh2 Qf4 23. Rxe3 Nf1+ 24. Kg1 Nxe3 25. Qe2 Qg5 26. c5 f4 27. Bc1 Bxh3 28.
Bxe3 fxe3 29. Be4 Rad8 30. Kh2 Bf5 31. c6 Bxe4 32. fxe4 Rf2 0-1

[Event "XXVIII Memorial Mistrza Blaszczaka Grupa D - JUNIORZY"]
[Site "Wroclaw"]
[Date "1899-12-30"]
[Round "8.1"]
[White "Kulas, Szymon"]
[Black "Cukrowski, Filip"]
[Result "0-1"]
[WhiteTitle "I++"]
[BlackTitle "k"]
[WhiteElo "2064"]
[BlackElo "2178"]

1. e4 c5 2. Nf3 Nc6 3. d4 cxd4 4. Nxd4 Qb6 5. Nb3 Nf6 6. Nc3 e6 7. Bd3 a6 8. O-O
d6 9. Be3 Qc7 10. a4 b6 11. f4 Bb7 12. Be2 Be7 13. Bf3 O-O 14. Qe2 Rab8 15. Qf2
Ba8 16. Rae1 e5 17. f5 Nb4 18. Bg5 Rfd8 19. Bh4 Ne8 20. Bg3 Bc6 21. Kh1 Bf6 22.
Rd1 a5 23. Rfe1 Qd7 24. Ra1 Nc7 25. Nc1 Nca6 26. b3 Ba8 27. Nb5 Nc7 28. Nxc7 Qxc7
29. c4 Bg5 30. Qe2 Nc6 31. Bf2 Bxc1 32. Raxc1 Qe7 33. Red1 Nb4 34. Qe1 Na6 35.
Bh4 f6 36. Bf2 Nc5 37. Rc3 Bc6 38. Rd2 Qb7 39. Bxc5 dxc5 40. Rcd3 Rd4 41. Rxd4
exd4 42. Qb1 Re8 43. Re2 Qc7 44. g3 Qe5 45. Qd3 g6 46. Kg1 Kg7 47. Kf2 Qc7 48.
Qd2 Re5 49. Qd3 Qe7 50. g4 Qc7 51. Kg2 Re7 52. Qd2 Qe5 53. h4 gxf5 54. gxf5 Kh8
55. Kf1 Qg3 56. Bg2 Qxh4 57. Qd3 Qf4+ 58. Ke1 Rg7 59. Qf3 Qh4+ 60. Kd2 Rg3 61.
Qf2 Qg5+ 0-1

[Event "XXVIII Memorial Mistrza Blaszczaka Grupa D - JUNIORZY"]
[Site "Wroclaw"]
[Date "1899-12-30"]
[Round "8.2"]
[White "Stankiewicz, Pawel"]
[Black "Piotrowski, Przemyslaw"]
[Result "1/2-1/2"]
[WhiteTitle "k"]
[BlackTitle "I++"]
[WhiteElo "2070"]
[BlackElo "2030"]

1. e4 c5 2. Nf3 d6 3. d4 cxd4 4. Nxd4 Nf6 5. Nc3 Nc6 6. Bg5 e6 7. Qd2 a6 8. O-O-O
Bd7 9. f4 b5 10. Kb1 Qb6 11. Nxc6 Bxc6 12. Bxf6 gxf6 13. f5 b4 14. Ne2 e5 15.
Ng3 Qc5 16. Nh5 Ke7 17. Qe1 Bh6 18. Qh4 Bg5 19. Qg4 Rhg8 20. h4 Be3 21. Qf3 Rac8
22. Bd3 d5 23. g4 Bb7 24. Rhe1 Bf2 25. g5 Bxe1 26. Rxe1 dxe4 27. Bxe4 Qxc2+ 28.
Bxc2 Bxf3 29. Nxf6 Rgd8 30. Rxe5+ Kf8 31. Nxh7+ Kg8 32. Nf6+ Kh8 33. Bb3 Bd1 34.
h5 Bxb3 35. axb3 Rd1+ 36. Ka2 Rg1 37. Ne4 Kh7 38. g6+ fxg6 39. hxg6+ Kh8 40. Nc5
Rd8 41. g7+ Kxg7 42. Ne6+ Kf6 43. Nxd8 Kxe5 44. Nc6+ Kxf5 45. Nxb4 Ke5 1/2-1/2

[Event "XXVIII Memorial Mistrza Blaszczaka Grupa D - JUNIORZY"]
[Site "Wroclaw"]
[Date "1899-12-30"]
[Round "8.3"]
[White "Gajdamowicz, Patrick"]
[Black "Dzikowski, Michal"]
[Result "1/2-1/2"]
[WhiteTitle "I"]
[BlackTitle "I"]
[WhiteElo "1911"]
[BlackElo "1892"]

1. e4 c6 2. d4 d5 3. exd5 cxd5 4. c4 e6 5. Nc3 Nf6 6. cxd5 exd5 7. Nf3 Nc6 8. Bf4
Bd6 9. Bg5 Be7 10. Bf4 Bd6 11. Bg5 Be7 12. Bf4 Bd6 1/2-1/2

[Event "XXVIII Memorial Mistrza Blaszczaka Grupa D - JUNIORZY"]
[Site "Wroclaw"]
[Date "1899-12-30"]
[Round "8.4"]
[White "Kopica, Paulina"]
[Black "Kanicki, Krzysztof"]
[Result "0-1"]
[WhiteTitle "I"]
[BlackTitle "I"]
[WhiteElo "1711"]
[BlackElo "1937"]

1. e4 c5 2. Nf3 Nc6 3. Nc3 g6 4. d4 cxd4 5. Nxd4 Bg7 6. Nb3 Bxc3+ 7. bxc3 Nf6 8.
Bd3 d5 9. Qe2 dxe4 10. Bxe4 Nxe4 11. Qxe4 Bf5 12. Qe2 Qd5 13. O-O O-O 14. Re1
b5 15. Bb2 Qc4 16. Qd1 Rad8 17. Qc1 e5 18. Nd2 Qa4 19. Nb3 Rfe8 20. Re2 f6 21.
Qe1 Kg7 22. Bc1 Rd5 23. f4 Qc4 24. Rf2 exf4 25. Qf1 Qxf1+ 26. Rxf1 g5 27. Ba3
Bxc2 28. Rac1 Bxb3 29. axb3 Re2 30. Rf2 Rxf2 31. Kxf2 Rd2+ 32. Kf1 Ne5 33. c4
bxc4 34. bxc4 Ng4 35. c5 Ne3+ 36. Kg1 Rxg2+ 37. Kh1 f3 38. c6 Ng4 39. Bc5 Rxh2+
40. Kg1 Re2 41. c7 Re8 42. Bxa7 Rc8 43. Bb6 Ne5 44. Rd1 Nc4 45. Rd7+ Kg6 46. Ba7
Ne5 47. Rd1 Rxc7 48. Bb8 Rc2 49. Bxe5 fxe5 50. Rd6+ Kf5 51. Rd8 e4 52. Rf8+ Kg4
0-1

[Event "XXVIII Memorial Mistrza Blaszczaka Grupa D - JUNIORZY"]
[Site "Wroclaw"]
[Date "1899-12-30"]
[Round "8.5"]
[White "Nowak, Kamil"]
[Black "Thamm, Merlin Jannes"]
[Result "1-0"]
[WhiteTitle "I"]
[BlackTitle "II"]
[WhiteElo "1769"]
[BlackElo "1708"]

1. e4 c5 2. Nf3 Nc6 3. Bb5 d6 4. O-O g6 5. c3 Bg7 6. d4 cxd4 7. cxd4 Bd7 8. Nc3
a6 9. Be2 Bg4 10. Be3 Nf6 11. d5 Bxf3 12. gxf3 Nb8 13. Qb3 O-O 14. Qxb7 Nbd7 15.
Qb3 Nc5 16. Qc2 a5 17. Nb5 Qd7 18. Qd2 Rfb8 19. Nd4 Nh5 20. b3 Be5 21. Nc6 Rc8
22. Nxe5 dxe5 23. Rfc1 Nb7 24. Rxc8+ Rxc8 25. Ba6 Ra8 26. Bxb7 Qxb7 27. Rc1 f6
28. Qc3 g5 29. Qc6 Qxc6 30. Rxc6 a4 31. b4 Nf4 32. Bxf4 gxf4 33. a3 Kf7 34. Kf1
h5 35. Rc5 h4 36. Ra5 Rc8 37. Rc5 Rg8 38. h3 Rb8 39. Ra5 Rc8 40. Rxa4 Rc1+ 41.
Kg2 1-0

[Event "XXVIII Memorial Mistrza Blaszczaka Grupa D - JUNIORZY"]
[Site "Wroclaw"]
[Date "1899-12-30"]
[Round "8.7"]
[White "Marko, Piotr"]
[Black "Korpalski, Maciej"]
[Result "1-0"]
[WhiteTitle "II"]
[BlackTitle "II"]
[WhiteElo "1574"]
[BlackElo "1616"]

1. e4 c5 2. Nf3 d6 3. d4 cxd4 4. Nxd4 Nf6 5. Nc3 e6 6. Bc4 a6 7. Bb3 b5 8. O-O
Bb7 9. a3 Nbd7 10. f3 Be7 11. Be3 O-O 12. Bxe6 fxe6 13. Nxe6 Qa5 14. b4 1-0